000 00468nam a2200169Ia 4500
001 23458
003 IN-NITTTR
005 20251114233303.0
008 251113s9999||||xx |||||||||||||| ||eng||
040 _beng
040 _cIN-NITTTR
041 _aeng
082 _a625.732 N164I
100 _aNarayanan, T. R.
245 3 _aAn investigation on the suitability of panipat thermal power station coal ash for road construction. /
_cNarayanan, T. R.
942 _2ddc
_cBK
999 _c26087
_d26087